00242 a2200109 4500001000700000020000600007040001100013100001800024240004300042245003800085362000900123170015 a  cMagnum aOzmon, Howard10aFilosofia da educacao: um dialogolpor10aFilosofia da educacao: um dialogo0 a1899